<?xml version="1.0" encoding="UTF-8"?>
<record
    xmlns:xsi="http://www.w3.org/2001/XMLSchema-instance"
    xsi:schemaLocation="http://www.loc.gov/MARC21/slim http://www.loc.gov/standards/marcxml/schema/MARC21slim.xsd"
    xmlns="http://www.loc.gov/MARC21/slim">

  <leader>00574    a2200181   4500</leader>
  <controlfield tag="003">OSt</controlfield>
  <controlfield tag="005">20240523123407.0</controlfield>
  <controlfield tag="008">230819b        |||||||| |||| 00| 0 eng d</controlfield>
  <datafield tag="020" ind1=" " ind2=" ">
    <subfield code="a">9789352605415</subfield>
  </datafield>
  <datafield tag="040" ind1=" " ind2=" ">
    <subfield code="c">oclc</subfield>
  </datafield>
  <datafield tag="082" ind1=" " ind2=" ">
    <subfield code="a">332.0954</subfield>
    <subfield code="b">BHO/P</subfield>
  </datafield>
  <datafield tag="100" ind1=" " ind2=" ">
    <subfield code="a">Bhole, L M</subfield>
    <subfield code="9">1011</subfield>
  </datafield>
  <datafield tag="245" ind1=" " ind2=" ">
    <subfield code="a">FINANCIAL INSTITUTIONS AND MARKETS </subfield>
    <subfield code="b">Structure, growth, &amp; innovations /</subfield>
    <subfield code="c">L M Bhole and Jitendra Mahakud</subfield>
  </datafield>
  <datafield tag="250" ind1=" " ind2=" ">
    <subfield code="a">6ED</subfield>
  </datafield>
  <datafield tag="260" ind1=" " ind2=" ">
    <subfield code="a">Chennai:</subfield>
    <subfield code="b">Mc Graw Hill, </subfield>
    <subfield code="c">2022.</subfield>
  </datafield>
  <datafield tag="300" ind1=" " ind2=" ">
    <subfield code="a">multipagination</subfield>
  </datafield>
  <datafield tag="942" ind1=" " ind2=" ">
    <subfield code="2">ddc</subfield>
    <subfield code="c">BK</subfield>
    <subfield code="h">332.0954</subfield>
    <subfield code="i">BHO/F</subfield>
    <subfield code="k">332.0954</subfield>
    <subfield code="m">BHO/F</subfield>
  </datafield>
  <datafield tag="952" ind1=" " ind2=" ">
    <subfield code="0">0</subfield>
    <subfield code="1">0</subfield>
    <subfield code="2">ddc</subfield>
    <subfield code="4">0</subfield>
    <subfield code="7">0</subfield>
    <subfield code="8">FINANCIAL ECONOMICS</subfield>
    <subfield code="a">MES</subfield>
    <subfield code="b">MES</subfield>
    <subfield code="c">ECO </subfield>
    <subfield code="d">2023-08-19</subfield>
    <subfield code="l">3</subfield>
    <subfield code="m">1</subfield>
    <subfield code="o">332.0954 BHO/P</subfield>
    <subfield code="p">42085</subfield>
    <subfield code="r">2026-03-10 10:49:10</subfield>
    <subfield code="s">2026-02-18</subfield>
    <subfield code="v">975.00</subfield>
    <subfield code="w">2023-08-19</subfield>
    <subfield code="y">BK</subfield>
    <subfield code="z">GL4R5</subfield>
  </datafield>
  <datafield tag="999" ind1=" " ind2=" ">
    <subfield code="c">41899</subfield>
    <subfield code="d">41899</subfield>
  </datafield>
</record>
